000
00263nam a2200121Ia 4500
001
10601
003
GE_BSU
008
181216s||||||||xx |||||||||||||| ||und||
040
_c
GE_BSU
245
_a
Le Point №2157. 16 janvier 2014.
653
_a
Le Point
942
_c
CR
999
_c
43853
_d
43853